000 01518nam a2200361 c 4500
003 BLK
005 20240329102600.0
008 180408b bul|||||r ||||||| ||bul||
010 _aKNG00075794000
020 _a978-954-585-790-4
_bиздат.: Бард
040 _aBLK
041 _aBUL
_cBUL
080 _aАмериканска литература (на САЩ)
_b821.111(73)
_x-312.4
_z821.111(73)-312.4
100 1 _aКларк, Мери Хигинс
_eпърви автор
_9371250
700 1 _aСербезова, Стоянка Минчева
_eпрев. от англ.
_9366076
139 _aКларк, Мери Хигинс
_bК 63
245 1 0 _aЧерни рози
_bРоман
_cМери Хигинс Кларк; прев. от англ. Стоянка Минчева Сербезова.
250 _a2. изд.
257 _aUSA
260 София
_bБард
_c2007
300 _a320 с.
_c20 см
380 _aX
490 1 _aМеждународен бестселър
500 _aОриг. загл. : Let Me Call You Sweetheart / Mary Higgins Clark. - Пълното име на прев. е Стоянка Минчева Сербезова-Леви. - 1. изд. 1995 на изд. Обсидиан. - Офс. изд.
653 _aкрими
653 _aромани
852 _aЦб 234413
856 4 _qpdf
_u
856 4 _qpdf
_u
942 _cKNG
_n0
_059
944 _aCR
_c19.06.2007
_lЦветомила Тодорова
_k30576
944 _aED
_c12.02.2013
_lф /
_k
999 _c71425
_d71425